000 00271nam a2200109Ia 4500
008 200302s9999 xx 000 0 und d
100 _aRoger Yee
245 _aEducational Environments No.3
260 _bVisual Reference Publications Inc.,
260 _c2007
300 _a239
999 _c3318
_d3318